Estadísticas para Capitales Africanas (con un mapa)

Haz click aquí para intentar la prueba.

Estadísticas generales

  • Esta prueba ha sido intentada 140 veces
  • La puntuación promedio es 173 de 196

Respuestas en el mapa

Las respuestas están codificadas por una escala verde-roja en el mapa de la prueba según el % correcto abajo.
 

Estadísticas de respuestas

capital% Correcto
x
100%
El Cairo
90%
Rabat
89%
Argel
83%
Túnez
83%
Pretoria
79%
Trípoli
79%
Antananarivo
74%
Praia
69%
Victoria
69%
Yibuti
68%
Dakar
67%
Adís Abeba
65%
Kinsasa
65%
Libreville
65%
Jartum
64%
Luanda
64%
Freetown
63%
Nairobi
63%
Abuya
61%
Bisáu
61%
Brazzaville
61%
Mogadiscio
61%
Acra
60%
Maputo
60%
Port Louis
60%
Santo Tomé
60%
Harare
57%
Asmara
56%
Monrovia
56%
Dodoma
54%
Kampala
53%
Yaundé
53%
Yuba
53%
Gaborone
51%
Kigali
51%
Porto-Novo
51%
Lomé
50%
Bamako
49%
Conakri
49%
Banjul
47%
Malabo
47%
Moroni
47%
Windhoek
47%
Yamena
47%
Lusaka
46%
Nuakchot
46%
Niamey
43%
Maseru
42%
Mbabane
42%
Bangui
40%
Lilongüe
40%
Uagadugú
39%
Yamusukro
36%
Gitega
29%

Distribución de puntuación

Porcentaje por número respondido

Porcentaje de gente con cada puntuación

Historial de tus puntuaciones

No has intentado esta prueba.